000 02626cam a22003495a 4500
001 17471955
005 20150818122015.0
008 120924s2013 enka frb 001 0 eng d
020 _a9780857025807 (hbk.)
020 _a0857025805 (hbk.)
020 _a9780857025814 (pbk.)
020 _a0857025813 (pbk.)
040 _aNLE
_beng
_cNLE
_dUAB
_dMUU
_dNLGGC
_dDLC
_dEG-ScBUE
082 0 4 _a324.7
_bORM
_222
100 1 _aOrmrod, Roger.
_938364
245 1 0 _aPolitical marketing :
_btheory and concepts /
_cRobert P. Ormrod, Stephan C. Henneberg and Nicholas J. O'Shaughnessy.
260 _aLondon :
_bSAGE,
_c2013.
300 _ax, 209 p. :
_bill. ;
_c25 cm.
490 1 _aSAGE advanced marketing series
500 _aIndex : p. 206-209.
504 _aIncludes bibliographical references.
505 0 _aIntroduction -- Theorical Issues in Political Marketing. Defining Political Marketing ; Theories and Concepts in Political Marketing ; The Triadic Interaction Model of Political Exchange ; Critical Perspectives on Political Marketing ; Political Marketing and Theories of Democracy ; The Ethics of Political Marketing. -- Conceptual Issues in Political Marketing. Political Relationship Marketing ; Strategic Political Postures ; Political Market Orientation ; Political Marketing Strategy and Party Organizational Structure ; Symbolism in Political Marketing ; Conclusion: Research Agendas for Political Marketing and Political Marketing Management.
520 _a"Political Marketing: Theories and Concepts provides students with a valuable and critical understanding of how political parties use marketing to attain their aims. Unlike other textbooks, this text explicitly focuses on the theoretical underpinnings and cutting edge concepts used by political parties, allowing students to gain key insights into how they win elections and remain in power. With an engaging and thought provoking topic selection, these field-leading authors have ensured that this often complex and theoretically advanced topic is clearly accessible for a student audience and novice researchers. Key features of each chapter include: Short chapter introduction and learning summaries ; Discussion questions to share in the classroom ; Annotated suggestions for further reading ; Lists of key terms to consider."--Publisher's website.
650 7 _aCampaign management.
_2BUEsh
_928832
650 7 _aMarketing.
_2BUEsh
_94499
651 _2BUEsh
653 _bBUSADM
_cAugust2015
655 _vreading book
_934232
700 1 _aHenneberg, Stephan C. M.
700 1 _aO'Shaughnessy, Nicholas J.,
_d1954-
942 _2ddc
_k324.7 ORM
999 _c20567
_d20539